Psicoanálisis y concepción espiritualista del hombre / [por] Joseph Nuttin ; tr. por el Dr. E. García Moreno ; pról. de J. Germain

Сохранить в:
Библиографические подробности
Главный автор: Nuttin, Joseph (autor)
Формат:
Серии:Textos y temas psicológicos ; 1
Предметы:
Метки: Добавить метку
Нет меток, Требуется 1-ая метка записи!

MARC

LEADER 00000nam^a2200000^u^4500
001 000545089
005 20250521000000.0
008 060220s1000^^^^^^^^^^^^r^^^^^000^0^spa^d
009 20260310131341.476
035 |a FMI 000014453 
037 |a Acervo Xavier Clavigero 
096 |a 8.8.3/19/C 
100 |a Nuttin, Joseph  |e (autor) 
245 1 0 |a Psicoanálisis y concepción espiritualista del hombre / [por] Joseph Nuttin ; tr. por el Dr. E. García Moreno ; pról. de J. Germain 
264 |a Madrid : Biblioteca Nueva, 1956 
300 |a 369 p. 
336 |a texto  |b txt  |2 rdacontenido 
337 |a sin mediación  |b n  |2 rdamedio 
338 |a volumen  |b nc  |2 rdasoporte 
440 0 |a Textos y temas psicológicos ; 1 
597 |a Trad. del francés ("Psychanalyse et conception spiritualiste de l'home"). 
649 |a XX 
650 |a PSICOANALISIS 
910 |a Fondo Francisco Migoya Covarrubias S.J. 
920 |a Impresos - Libros 
930 |a Fondos Especiales 
905 |a 134 
901 |a SBC15855  |b IT2  |c ESP  |u 20250521 
902 |a https://opac.biblio.iteso.mx/vufind/Record/000545089